000 00682nam a2200193 a 4500
001 000032550
005 20200930065712.0
008 110719s2005 dr 000 0 spa d
040 _aDO-SdBNP
_bspa
_cBNPHU
082 _axxxx
_bP644u
100 1 _aÁlvarez Betancourt, Opinio
_957793
245 1 4 _aUn país con futuro. Crisis, corrupción y pobreza: ¿cómo evitarlas? /
_cOpinio Álvarez Betancourt.
260 _aSanto Domingo :
_bUNAPEC,
_c2005.
300 _a39 p. ;
_c22 cm.
490 1 _aUNAPEC por un mundo mejor.
_aConferencia ;
_v1 ;
590 _aInventariado, 2019/ YL
700 1 _aPorluondo, Roberto
_958480
830 0 _aUNAPEC por un mundo mejor
_pConferencia
_v1
_958481
999 _c32041
_d32041